00525nam a2200157Ia 450000500170000000800410001708200230005810000180008124500230009926000390012230000120016150000740017394200060024795200990025399900150035220250305004930.0240331s9999 xx 000 0 und d bYOG23119a894.811 aYoganathan, S 0aThaniyaga Oruththi aMadrasbKumaran Publicationsc1992 a192 p., aA novel about girls who undergo hardships while working at a factory. cL 001040708LaWERCLbWERCLcSSCd2024-03-31l0o 894.811 YOGp3119r2024-03-31w2024-03-31yL c3789d3789